| 000 | 00522pab a2200205 454500 | ||
|---|---|---|---|
| 008 | 180718b2012 xxu||||| |||| 00| 0 eng d | ||
| 100 | _aJawed Akhtar, S.M. | ||
| 245 | _aBudgetary allocation and its utilization: MGNREGS - A view point | ||
| 260 | _c2012 | ||
| 300 | _ap.19-22. | ||
| 362 | _aApr | ||
| 650 | _aMGNREGS | ||
| 650 | _aBudget - India | ||
| 650 | _aRural development - India | ||
| 650 | _aRural development | ||
| 700 | _aAbdul Azeez, N.P. | ||
| 773 | _aKurukshetra | ||
| 908 | _aN | ||
| 909 | _a96405 | ||
| 999 |
_c96405 _d96405 |
||